000 00456nam a22001817a 4500
005 20230118105225.0
008 210301b ||||| |||| 00| 0 eng d
020 _a9781403906847
041 _aeng
082 _a547.3 KEM-O
100 _aKEMP, WILLIAM
_96425
245 _aORGANIC SPECTROSCOPY
250 _a3'RD
260 _aNEW DELHI
_bNEW AGE INTERNATIONAL PUBLISHER'S
_c2016
300 _a393,P
650 _aPHARMACY
_xD.PHARMA
_97090
942 _cBK
999 _c7486
_d7484